Využitie experimentov pri robustných návrhoch parametrov výrobkov a procesov

Možnosť využitia Danielových diagramov pri hľadaní faktorov, ktoré významne ovplyvňujú variabilitu rozdelenia skúmaného ukazovateľa kvality a faktorov, ktoré významne ovplyvňujú jeho polohu. Možnosť využitia modifikovaného Taguchiho dvojetapového algoritmu optimalizácie, ktorý umožňuje nájsť optimál...

ver descrição completa

Na minha lista:
Detalhes bibliográficos
Autor principal: Terek, Milan
Outros Autores: Müllerová, Anita
Formato: Capítulo de Livro
Idioma:eslovaco
Assuntos:
Tags: Adicionar Tag
Sem tags, seja o primeiro a adicionar uma tag!

MARC

LEADER 00000naa$a2200000$$$4500
001 0019724
005 20240502071408.9
041 0 |a slo 
044 |a SK 
245 1 0 |a Využitie experimentov pri robustných návrhoch parametrov výrobkov a procesov  |c Milan Terek, Anita Müllerová 
520 |a Možnosť využitia Danielových diagramov pri hľadaní faktorov, ktoré významne ovplyvňujú variabilitu rozdelenia skúmaného ukazovateľa kvality a faktorov, ktoré významne ovplyvňujú jeho polohu. Možnosť využitia modifikovaného Taguchiho dvojetapového algoritmu optimalizácie, ktorý umožňuje nájsť optimálnu kombináciu úrovní kontrolovaných faktorov. Ilustrácia z praxe o možnosti využitia tohto algoritmu. Možnosť využitia Taguchiho stratovej funkcie pri ekonomickej analýze získaného riešenia. 
610 2 0 |a experimenty 
610 2 0 |a parametre ekonomické 
610 2 0 |a výrobky 
610 2 0 |a diagramy 
610 2 0 |a optimalizácia 
610 2 0 |a algoritmy 
610 2 0 |a modely ekonometrické 
100 1 |a Terek, Milan 
700 1 |a Müllerová, Anita